[Event "6e Open International d'Echecs Sables d'"]
[Site "Les Sables d'Olonne ; France"]
[Date "2019.07.17"]
[Round "7.9"]
[White "Pottier, Simeon"]
[Black "Saucourt, Nathan"]
[Result "1/2-1/2"]
[WhiteElo "2192"]
[BlackElo "1762"]
[PlyCount "98"]
[EventDate "2019.??.??"]
[WhiteTeam "LEC Echiquier Limousin"]
[BlackTeam "Cercle d'échecs des Sables d'Olonne"]

1. d4 d5 2. c4 c6 3. Nc3 Nf6 4. Nf3 a6 5. c5 Nbd7 6. Bf4 Ne4 7. e3 e6 8. Bd3 g5
9. Bg3 Nxg3 10. hxg3 h6 11. b4 Bg7 12. g4 a5 13. a3 b6 14. cxb6 Qxb6 15. Na4
Qb8 16. Rb1 axb4 17. axb4 Ba6 18. Nc5 Bb5 19. Qc2 Nb6 20. g3 Nc4 21. Qe2 Na3
22. Rc1 Nc4 23. O-O Ke7 24. Nd2 Nd6 25. Ra1 Rxa1 26. Rxa1 Bxd3 27. Nxd3 Kf8 28.
Qd1 Bf6 29. Qc2 Qb7 30. Qc5 Be7 31. Qa5 Qb5 32. Ne5 Nc8 33. Qxb5 cxb5 34. Ra8
Kg7 35. Nc6 Bf6 36. Nb3 Nd6 37. Ra6 Rc8 38. Nc5 Nc4 39. Na5 Be7 40. Ra7 Bxc5
41. dxc5 Na3 42. Rb7 Ra8 43. c6 Rc8 44. c7 Nc4 45. Kf1 Kf6 46. Ke2 Nd6 47. Rb6
Ke7 48. Nc6+ Kd7 49. Ne5+ Ke7 1/2-1/2

[Event "6e Open International d'Echecs Sables d'"]
[Site "Les Sables d'Olonne ; France"]
[Date "2019.07.17"]
[Round "7.10"]
[White "Renard, Emmanuel"]
[Black "Wlodarczyk, Cyril"]
[Result "0-1"]
[WhiteElo "1834"]
[BlackElo "2098"]
[PlyCount "28"]
[EventDate "2019.??.??"]
[WhiteTeam "Cercle d'Echecs de Nantes"]
[BlackTeam "Cergy Pontoise Echecs"]

1. e4 c5 2. Nf3 Nc6 3. Bb5 e6 4. Bxc6 bxc6 5. d3 Ne7 6. b3 d5 7. O-O Ng6 8. Nc3
Be7 9. Ba3 O-O 10. Qd2 e5 11. Na4 Bg4 12. Ne1 dxe4 13. Bxc5 Bxc5 14. Nxc5 Qd4
0-1

[Event "6e Open International d'Echecs Sables d'"]
[Site "Les Sables d'Olonne ; France"]
[Date "2019.07.17"]
[Round "7.11"]
[White "Maleki, Nicolas"]
[Black "Rollot, Jean-Louis"]
[Result "1-0"]
[WhiteElo "2088"]
[BlackElo "1890"]
[PlyCount "79"]
[EventDate "2019.??.??"]
[WhiteTeam "Echiquier Tourangeau"]
[BlackTeam "Echiquier Carcassonnais "]

1. d4 Nf6 2. Nf3 c5 3. c4 cxd4 4. Nxd4 g6 5. Nc3 Bg7 6. e4 d6 7. Be2 Nbd7 8.
Be3 O-O 9. f3 Ne5 10. Qd2 Bd7 11. O-O Rc8 12. b3 a6 13. Rac1 Re8 14. h3 Nc6 15.
Nc2 Qc7 16. Rfd1 Qb8 17. Bf2 Nd8 18. Nb4 Ne6 19. Nbd5 Bc6 20. Be3 Bxd5 21. Nxd5
Nxd5 22. Qxd5 Qc7 23. h4 Bb2 24. Rb1 Be5 25. Qd2 Bg3 26. Bf2 Bxf2+ 27. Kxf2
Qc5+ 28. Qe3 Qa3 29. Rd2 Qb4 30. Rd5 Rc5 31. h5 g5 32. h6 f6 33. g3 Rec8 34. f4
Rxd5 35. exd5 Qc5 36. dxe6 Qf5 37. Rf1 Rc5 38. Bd3 Qg4 39. Qe4 f5 40. Qxb7 1-0

[Event "6e Open International d'Echecs Sables d'"]
[Site "Les Sables d'Olonne ; France"]
[Date "2019.07.17"]
[Round "7.12"]
[White "Rollot, Florence"]
[Black "Picart, Laurent"]
[Result "0-1"]
[WhiteElo "1899"]
[BlackElo "2061"]
[PlyCount "68"]
[EventDate "2019.??.??"]
[WhiteTeam "Echiquier Carcassonnais "]
[BlackTeam "Echiquier Quimpérois"]

1. Nf3 Nf6 2. c4 e6 3. g3 b6 4. Bg2 Bb7 5. O-O c5 6. Qc2 Be7 7. Rd1 O-O 8. Nc3
d6 9. a3 Nbd7 10. d4 cxd4 11. Rxd4 a6 12. b4 Qc7 13. Nd1 Rac8 14. Ne3 b5 15.
Qb1 Nb6 16. cxb5 axb5 17. Bb2 Na4 18. Ra2 Nd5 19. Nxd5 Bxd5 20. Rg4 Nxb2 21.
Rxb2 Qc1+ 22. Bf1 f5 23. Rd4 Bxf3 24. exf3 Bf6 25. Qxc1 Rxc1 26. Rbd2 Bxd4 27.
Rxd4 d5 28. Kg2 Rb8 29. Rd3 Kf7 30. f4 Ke7 31. Be2 Kd6 32. Kf3 Ra8 33. Re3 d4
34. Rd3 Rc3 0-1

[Event "6e Open International d'Echecs des Sable"]
[Site "Sables d'Olonne, France"]
[Date "2019.07.18"]
[Round "8.1"]
[White "Vidal, Llewellyn"]
[Black "Eugene, Floryan"]
[Result "1/2-1/2"]
[WhiteElo "2336"]
[BlackElo "2300"]
[Annotator "jeanluc"]
[PlyCount "52"]
[EventDate "2019.??.??"]
[TimeControl "1/40:0"]
[WhiteClock "0:58:45"]
[BlackClock "0:23:15"]

1. c4 {[%emt 0:00:00]} Nf6 {[%emt 0:00:00]} 2. Nc3 {[%emt 0:00:00]} g6 {
[%emt 0:00:00]} 3. g3 {[%emt 0:00:00]} Bg7 {[%emt 0:00:00]} 4. Bg2 {[%emt 0:00:
00]} O-O {[%emt 0:00:00]} 5. d4 {[%emt 0:00:00]} d6 {[%emt 0:00:00]} 6. Nf3 {
[%emt 0:00:00]} Nc6 {[%emt 0:00:00]} 7. O-O {[%emt 0:00:00]} e5 {[%emt 0:00:00]
} 8. dxe5 {[%emt 0:00:00]} Nxe5 {[%emt 0:00:00]} 9. Nxe5 {[%emt 0:00:00]} dxe5
{[%emt 0:00:00]} 10. Qxd8 {[%emt 0:00:00]} Rxd8 {[%emt 0:00:00]} 11. Bg5 {
[%emt 0:00:00]} Rd4 {[%emt 0:00:00]} 12. b3 {[%emt 0:00:00]} c6 {[%emt 0:00:00]
} 13. Rad1 {[%emt 0:00:00]} h6 {[%emt 0:00:00]} 14. Be3 {[%emt 0:00:00]} Rxd1 {
[%emt 0:00:00]} 15. Rxd1 {[%emt 0:00:00]} Be6 {[%emt 0:00:00]} 16. h3 {[%emt 0:
00:00]} Bf8 {[%emt 0:00:00]} 17. Na4 {[%emt 0:00:00]} Nd7 {[%emt 0:00:00]} 18.
f4 {[%emt 0:00:00]} exf4 {[%emt 0:00:00]} 19. gxf4 {[%emt 0:00:00]} f5 {
[%emt 0:00:00]} 20. Kf2 {[%emt 0:00:00]} Be7 {[%emt 0:00:00]} 21. Kg3 {[%emt 0:
00:00]} g5 {[%emt 0:00:00]} 22. Bf3 {[%emt 0:00:00]} Kh7 {[%emt 0:00:00]} 23.
Rg1 {[%emt 0:00:00]} gxf4+ {[%emt 0:00:00]} 24. Bxf4 {[%emt 0:00:00]} Nc5 {
[%emt 0:00:00]} 25. Nxc5 {[%emt 0:00:00]} Bxc5 {[%emt 0:00:00]} 26. e3 {
[%emt 0:00:00]} b5 {[%emt 0:00:00]} 1/2-1/2

[Event "6e Open International d'Echecs des Sable"]
[Site "Sables d'Olonne, France"]
[Date "2019.07.18"]
[Round "8.2"]
[White "Colin, Vincent"]
[Black "Besson, Bastien"]
[Result "1-0"]
[WhiteElo "2370"]
[BlackElo "2204"]
[Annotator "jeanluc"]
[PlyCount "78"]
[EventDate "2019.??.??"]
[TimeControl "1/40:0"]
[WhiteClock "0:47:10"]
[BlackClock "0:02:02"]

1. d4 {[%emt 0:01:31]} d6 {[%emt 0:00:00]} 2. Nf3 {[%emt 0:00:00]} Nf6 {
[%emt 0:00:00]} 3. c4 {[%emt 0:00:00]} g6 {[%emt 0:00:00]} 4. Nc3 {[%emt 0:00:
00]} Bg7 {[%emt 0:00:00]} 5. e4 {[%emt 0:00:00]} O-O {[%emt 0:00:00]} 6. Be2 {
[%emt 0:00:00]} e5 {[%emt 0:00:00]} 7. d5 {[%emt 0:00:00]} Na6 {[%emt 0:00:00]}
8. Be3 {[%emt 0:00:00]} Ng4 {[%emt 0:00:00]} 9. Bg5 {[%emt 0:00:00]} f6 {
[%emt 0:00:00]} 10. Bh4 {[%emt 0:00:00]} Nh6 {[%emt 0:00:00]} 11. Nd2 {[%emt 0:
00:00]} Nc5 {[%emt 0:00:00]} 12. f3 {[%emt 0:00:00]} a5 {[%emt 0:00:00]} 13.
Qc2 {[%emt 0:00:00]} Bd7 {[%emt 0:00:00]} 14. O-O-O {[%emt 0:00:00]} Qe7 {
[%emt 0:00:00]} 15. Kb1 {[%emt 0:00:00]} Rfc8 {[%emt 0:00:00]} 16. Bf2 {
[%emt 0:00:00]} Nf7 {[%emt 0:00:00]} 17. h4 {[%emt 0:00:00]} Qe8 {[%emt 0:00:
00]} 18. h5 {[%emt 0:00:00]} Na4 {[%emt 0:00:00]} 19. Nb5 {[%emt 0:00:00]} Nc5
{[%emt 0:00:00]} 20. hxg6 {[%emt 0:00:00]} hxg6 {[%emt 0:00:00]} 21. Be3 {
[%emt 0:00:00]} Bf8 {[%emt 0:00:00]} 22. Rc1 {[%emt 0:00:00]} c6 {[%emt 0:00:
00]} 23. Nc3 {[%emt 0:00:00]} Qd8 {[%emt 0:00:00]} 24. Qd1 {[%emt 0:00:00]} Bg7
{[%emt 0:00:00]} 25. Qg1 {[%emt 0:00:00]} cxd5 {[%emt 0:00:00]} 26. Nxd5 {
[%emt 0:00:00]} Be6 {[%emt 0:00:00]} 27. Qh2 {[%emt 0:00:00]} Bxd5 {[%emt 0:00:
00]} 28. Qh7+ {[%emt 0:00:00]} Kf8 {[%emt 0:00:00]} 29. cxd5 {[%emt 0:00:00]}
f5 {[%emt 0:08:00]} 30. Qxg6 {[%emt 0:00:00]} f4 {[%emt 0:00:24]} 31. Bf2 {
[%emt 0:00:00]} Qf6 {[%emt 0:00:28]} 32. Qg4 {[%emt 0:00:00]} Qg5 {[%emt 0:05:
48]} 33. Qxg5 {[%emt 0:00:00]} Nxg5 {[%emt 0:01:13]} 34. Nc4 {[%emt 0:00:00]}
Ncxe4 {[%emt 0:01:57]} 35. fxe4 {[%emt 0:00:00]} Nxe4 {[%emt 0:00:12]} 36. Bh4
{[%emt 0:00:00]} b5 {[%emt 0:04:24]} 37. Nb6 {[%emt 0:00:00]} Rxc1+ {[%emt 0:
00:12]} 38. Rxc1 {[%emt 0:00:10]} Ra7 {[%emt 0:00:01]} 39. Rc8+ {[%emt 0:00:00]
} Kf7 {[%emt 0:00:13]} 1-0

[Event "6e Open International d'Echecs des Sable"]
[Site "Sables d'Olonne, France"]
[Date "2019.07.18"]
[Round "8.3"]
[White "Lucas, Arthur"]
[Black "Prie, Eric"]
[Result "1/2-1/2"]
[WhiteElo "2286"]
[BlackElo "2436"]
[Annotator "jeanluc"]
[PlyCount "40"]
[EventDate "2019.??.??"]
[TimeControl "1/40:0"]
[WhiteClock "0:45:31"]
[BlackClock "0:57:01"]

1. e4 {[%emt 0:00:00]} e5 {[%emt 0:00:00]} 2. Nf3 {[%emt 0:00:00]} Nc6 {
[%emt 0:00:00]} 3. d4 {[%emt 0:00:00]} exd4 {[%emt 0:00:00]} 4. Bc4 {[%emt 0:
00:00]} Nf6 {[%emt 0:00:00]} 5. e5 {[%emt 0:00:00]} d5 {[%emt 0:00:00]} 6. Bb5
{[%emt 0:00:00]} Ne4 {[%emt 0:00:00]} 7. Nxd4 {[%emt 0:00:00]} Bd7 {[%emt 0:00:
00]} 8. Bxc6 {[%emt 0:00:00]} bxc6 {[%emt 0:00:00]} 9. O-O {[%emt 0:00:00]} Bc5
{[%emt 0:00:00]} 10. f3 {[%emt 0:00:00]} Ng5 {[%emt 0:00:00]} 11. Be3 {[%emt 0:
00:00]} O-O {[%emt 0:00:00]} 12. f4 {[%emt 0:00:00]} Ne4 {[%emt 0:00:00]} 13.
Nd2 {[%emt 0:00:00]} Nxd2 {[%emt 0:00:00]} 14. Qxd2 {[%emt 0:00:00]} Re8 {
[%emt 0:00:00]} 15. Nb3 {[%emt 0:00:00]} Bb6 {[%emt 0:00:00]} 16. Rae1 {
[%emt 0:00:00]} Bf5 {[%emt 0:00:00]} 17. Qc3 {[%emt 0:00:00]} Qd7 {[%emt 0:00:
00]} 18. Nc5 {[%emt 0:00:00]} Bxc5 {[%emt 0:00:00]} 19. Bxc5 {[%emt 0:00:00]}
Re6 {[%emt 0:00:00]} 20. Rf3 {[%emt 0:00:00]} Rg6 {[%emt 0:00:00]} 1/2-1/2

[Event "6e Open International d'Echecs des Sable"]
[Site "Sables d'Olonne, France"]
[Date "2019.07.18"]
[Round "8.4"]
[White "Duboue, Peio"]
[Black "Durand-Le Ludec, Brendan-Budok"]
[Result "1-0"]
[WhiteElo "2409"]
[BlackElo "2199"]
[Annotator "jeanluc"]
[PlyCount "28"]
[EventDate "2019.??.??"]
[TimeControl "1/40:0"]
[WhiteClock "1:21:10"]
[BlackClock "0:52:03"]

1. e4 {[%emt 0:00:00]} c5 {[%emt 0:00:00]} 2. c3 {[%emt 0:00:00]} g6 {[%emt 0:
00:00]} 3. Nf3 {[%emt 0:00:00]} d5 {[%emt 0:00:00]} 4. exd5 {[%emt 0:00:00]}
Qxd5 {[%emt 0:00:00]} 5. d4 {[%emt 0:00:00]} Bg7 {[%emt 0:00:00]} 6. Na3 {
[%emt 0:00:00]} Nf6 {[%emt 0:00:00]} 7. Bc4 {[%emt 0:00:00]} Qh5 {[%emt 0:00:
00]} 8. Nb5 {[%emt 0:00:00]} Na6 {[%emt 0:00:00]} 9. Qb3 {[%emt 0:00:00]} O-O {
[%emt 0:00:00]} 10. Bxf7+ {[%emt 0:00:00]} Rxf7 {[%emt 0:00:00]} 11. Ng5 {
[%emt 0:00:00]} e6 {[%emt 0:00:00]} 12. Nxf7 {[%emt 0:00:00]} Kxf7 {[%emt 0:00:
00]} 13. Nd6+ {[%emt 0:00:00]} Kg8 {[%emt 0:00:00]} 14. Nxc8 {[%emt 0:00:00]}
Rxc8 {[%emt 0:00:00]} 1-0

[Event "6e Open International d'Echecs des Sable"]
[Site "Sables d'Olonne, France"]
[Date "2019.07.18"]
[Round "8.5"]
[White "Dalaud, Dorian"]
[Black "Mariette, Lucas"]
[Result "0-1"]
[WhiteElo "2220"]
[BlackElo "2244"]
[Annotator "jeanluc"]
[PlyCount "70"]
[EventDate "2019.??.??"]
[TimeControl "1/40:0"]
[WhiteClock "0:01:05"]
[BlackClock "0:02:30"]

1. Nf3 {[%emt 0:00:00]} Nf6 {[%emt 0:00:00]} 2. c4 {[%emt 0:00:00]} g6 {
[%emt 0:00:00]} 3. Nc3 {[%emt 0:00:00]} d5 {[%emt 0:00:00]} 4. cxd5 {[%emt 0:
00:00]} Nxd5 {[%emt 0:00:00]} 5. Qb3 {[%emt 0:00:00]} Nb6 {[%emt 0:00:00]} 6.
d4 {[%emt 0:00:00]} Bg7 {[%emt 0:00:00]} 7. e4 {[%emt 0:00:00]} Bg4 {[%emt 0:
00:00]} 8. Be3 {[%emt 0:00:00]} Bxf3 {[%emt 0:00:00]} 9. gxf3 {[%emt 0:00:00]}
Bxd4 {[%emt 0:00:00]} 10. Rd1 {[%emt 0:00:00]} e5 {[%emt 0:00:00]} 11. Nb5 {
[%emt 0:00:00]} Nc6 {[%emt 0:00:00]} 12. Nxd4 {[%emt 0:00:00]} Nxd4 {[%emt 0:
00:00]} 13. Bxd4 {[%emt 0:00:00]} exd4 {[%emt 0:00:00]} 14. Qb5+ {[%emt 0:00:
00]} Kf8 {[%emt 0:00:00]} 15. Qe5 {[%emt 0:00:00]} f6 {[%emt 0:00:00]} 16. Qf4
{[%emt 0:00:00]} c5 {[%emt 0:00:00]} 17. h4 {[%emt 0:00:00]} h5 {[%emt 0:00:00]
} 18. Rg1 {[%emt 0:00:00]} Kf7 {[%emt 0:00:00]} 19. Bh3 {[%emt 0:00:00]} Nc4 {
[%emt 0:00:00]} 20. Qg3 {[%emt 0:00:00]} Rg8 {[%emt 0:00:00]} 21. b3 {[%emt 0:
00:00]} Ne5 {[%emt 0:00:00]} 22. f4 {[%emt 0:00:00]} Nc6 {[%emt 0:00:00]} 23.
Qf3 {[%emt 0:00:00]} Qe7 {[%emt 0:02:48]} 24. Kf1 {[%emt 0:05:48]} Rae8 {
[%emt 0:00:48]} 25. Re1 {[%emt 0:00:14]} Rg7 {[%emt 0:05:46]} 26. f5 {[%emt 0:
03:41]} Qe5 {[%emt 0:01:56]} 27. Rxg6 {[%emt 0:02:56]} Qh2 {[%emt 0:04:41]} 28.
e5 {[%emt 0:05:05]} Rxe5 {[%emt 0:00:48]} 29. Rxe5 {[%emt 0:00:21]} Qxe5 {
[%emt 0:00:40]} 30. Qxh5 {[%emt 0:00:19]} d3 {[%emt 0:00:53]} 31. Rg3+ {
[%emt 0:00:46]} Kg8 {[%emt 0:00:21]} 32. Rxd3 {[%emt 0:01:12]} Qe4 {[%emt 0:01:
27]} 33. Re3 {[%emt 0:00:58]} Qb1+ {[%emt 0:00:19]} 34. Re1 {[%emt 0:00:24]}
Qd3+ {[%emt 0:00:12]} 35. Re2 {[%emt 0:00:31]} Qd1+ {[%emt 0:00:11]} 0-1

[Event "6e Open International d'Echecs des Sable"]
[Site "Sables d'Olonne, France"]
[Date "2019.07.18"]
[Round "8.6"]
[White "Saucourt, Nathan"]
[Black "Bujisho, Benjamin"]
[Result "0-1"]
[WhiteElo "1762"]
[BlackElo "2326"]
[Annotator "jeanluc"]
[PlyCount "108"]
[EventDate "2019.??.??"]
[TimeControl "1/40:0"]
[WhiteClock "0:01:22"]
[BlackClock "0:32:37"]

1. d4 {[%emt 0:00:00]} Nf6 {[%emt 0:00:00]} 2. Nf3 {[%emt 0:00:00]} b5 {
[%emt 0:00:00]} 3. e3 {[%emt 0:00:00]} a6 {[%emt 0:00:00]} 4. Be2 {[%emt 0:00:
00]} Bb7 {[%emt 0:00:00]} 5. O-O {[%emt 0:00:00]} e6 {[%emt 0:00:00]} 6. b3 {
[%emt 0:00:00]} Be7 {[%emt 0:00:00]} 7. Bb2 {[%emt 0:00:00]} O-O {[%emt 0:00:
00]} 8. c4 {[%emt 0:00:00]} b4 {[%emt 0:00:00]} 9. Nbd2 {[%emt 0:00:00]} d6 {
[%emt 0:00:00]} 10. Qc2 {[%emt 0:00:00]} Nbd7 {[%emt 0:00:00]} 11. Rfd1 {
[%emt 0:00:00]} c5 {[%emt 0:00:00]} 12. dxc5 {[%emt 0:00:00]} Nxc5 {[%emt 0:00:
00]} 13. Ng5 {[%emt 0:00:00]} h6 {[%emt 0:00:00]} 14. Bxf6 {[%emt 0:00:00]}
hxg5 {[%emt 0:00:00]} 15. Bb2 {[%emt 0:00:00]} Qc7 {[%emt 0:00:00]} 16. Bf3 {
[%emt 0:00:00]} Rac8 {[%emt 0:00:00]} 17. Rac1 {[%emt 0:00:00]} f5 {[%emt 0:00:
00]} 18. Bxb7 {[%emt 0:00:00]} Qxb7 {[%emt 0:00:00]} 19. f3 {[%emt 0:00:00]}
Rcd8 {[%emt 0:00:00]} 20. Bd4 {[%emt 0:00:00]} Qc6 {[%emt 0:00:00]} 21. Nf1 {
[%emt 0:00:50]} a5 {[%emt 0:00:00]} 22. h3 {[%emt 0:03:25]} Nd7 {[%emt 0:00:00]
} 23. Ng3 {[%emt 0:07:41]} Nf6 {[%emt 0:00:00]} 24. e4 {[%emt 0:01:21]} g4 {
[%emt 0:00:00]} 25. Bxf6 {[%emt 0:01:54]} Bxf6 {[%emt 0:00:00]} 26. hxg4 {
[%emt 0:01:27]} fxg4 {[%emt 0:00:00]} 27. Qd3 {[%emt 0:00:27]} gxf3 {[%emt 0:
00:00]} 28. gxf3 {[%emt 0:00:22]} Qc5+ {[%emt 0:00:00]} 29. Kg2 {[%emt 0:01:19]
} Qg5 {[%emt 0:00:00]} 30. Qd2 {[%emt 0:00:27]} Qxd2+ {[%emt 0:00:18]} 31. Rxd2
{[%emt 0:00:15]} Bg5 {[%emt 0:00:15]} 32. Rcd1 {[%emt 0:00:15]} Bxd2 {[%emt 0:
00:13]} 33. Rxd2 {[%emt 0:00:15]} Kf7 {[%emt 0:01:20]} 34. Ne2 {[%emt 0:01:24]}
Ke7 {[%emt 0:02:38]} 35. Nd4 {[%emt 0:00:55]} Rc8 {[%emt 0:00:12]} 36. Nb5 {
[%emt 0:00:45]} Rfd8 {[%emt 0:00:17]} 37. Kg3 {[%emt 0:00:38]} Rc5 {[%emt 0:00:
24]} 38. Kg4 {[%emt 0:00:50]} d5 {[%emt 0:01:08]} 39. exd5 {[%emt 0:00:38]}
exd5 {[%emt 0:00:13]} 40. Re2+ {[%emt 0:00:41]} Kf7 {[%emt 0:02:15]} 41. Rd2 {
[%emt 0:00:00]} Kg8 {[%emt 0:00:00]} 42. f4 {[%emt 0:00:00]} Rb8 {[%emt 0:00:
00]} 43. Nd6 {[%emt 0:00:00]} Rb6 {[%emt 0:00:00]} 44. Nb5 {[%emt 0:00:00]}
dxc4 {[%emt 0:00:00]} 45. bxc4 {[%emt 0:00:00]} Rxc4 {[%emt 0:00:00]} 46. Nd6 {
[%emt 0:00:00]} Rc7 {[%emt 0:00:00]} 47. Ne4 {[%emt 0:00:00]} Rb8 {[%emt 0:00:
00]} 48. Rb2 {[%emt 0:01:56]} a4 {[%emt 0:00:00]} 49. Nf2 {[%emt 0:00:45]} Rc4
{[%emt 0:00:00]} 50. Nd3 {[%emt 0:01:33]} Rf8 {[%emt 0:00:00]} 51. Kg5 {
[%emt 0:02:11]} Rd4 {[%emt 0:00:00]} 52. Nc5 {[%emt 0:01:32]} Rdxf4 {[%emt 0:
00:00]} 53. Nxa4 {[%emt 0:00:37]} R8f5+ {[%emt 0:00:00]} 54. Kg6 {[%emt 0:00:
15]} Re5 {[%emt 0:00:00]} 0-1

[Event "6e Open International d'Echecs des Sable"]
[Site "Sables d'Olonne, France"]
[Date "2019.07.18"]
[Round "8.7"]
[White "Eugene, Nathael"]
[Black "Pottier, Simeon"]
[Result "1-0"]
[WhiteElo "1353"]
[BlackElo "2192"]
[Annotator "jeanluc"]
[PlyCount "101"]
[EventDate "2019.??.??"]
[TimeControl "1/40:0"]
[WhiteClock "0:48:44"]
[BlackClock "0:42:28"]

1. e4 {[%emt 0:00:00]} e5 {[%emt 0:00:00]} 2. Nf3 {[%emt 0:00:00]} Nc6 {
[%emt 0:00:00]} 3. Bc4 {[%emt 0:00:00]} Bc5 {[%emt 0:00:00]} 4. d3 {[%emt 0:00:
00]} Nf6 {[%emt 0:00:00]} 5. O-O {[%emt 0:00:00]} d6 {[%emt 0:00:00]} 6. h3 {
[%emt 0:00:00]} Na5 {[%emt 0:00:00]} 7. Bb3 {[%emt 0:00:00]} Nxb3 {[%emt 0:00:
00]} 8. axb3 {[%emt 0:00:00]} h6 {[%emt 0:00:00]} 9. Nc3 {[%emt 0:00:00]} O-O {
[%emt 0:00:00]} 10. Na4 {[%emt 0:00:00]} Qe7 {[%emt 0:00:00]} 11. Nxc5 {
[%emt 0:00:00]} dxc5 {[%emt 0:00:00]} 12. Be3 {[%emt 0:00:00]} Nd7 {[%emt 0:00:
00]} 13. Qd2 {[%emt 0:00:00]} b6 {[%emt 0:00:00]} 14. Qc3 {[%emt 0:00:00]} a5 {
[%emt 0:00:00]} 15. Nd2 {[%emt 0:00:00]} Nb8 {[%emt 0:00:00]} 16. f4 exf4 {
[%emt 0:00:00]} 17. Bxf4 {[%emt 0:00:00]} Nc6 {[%emt 0:00:00]} 18. Nf3 {
[%emt 0:00:00]} Be6 {[%emt 0:00:00]} 19. d4 {[%emt 0:00:00]} cxd4 {[%emt 0:00:
00]} 20. Qxc6 {[%emt 0:00:00]} Rac8 {[%emt 0:00:00]} 21. Nxd4 {[%emt 0:00:00]}
Bd7 {[%emt 0:00:00]} 22. Qc3 {[%emt 0:00:00]} Qxe4 {[%emt 0:00:00]} 23. Rae1 {
[%emt 0:00:00]} Qg6 {[%emt 0:00:00]} 24. Qg3 {[%emt 0:00:00]} Qh7 {[%emt 0:00:
00]} 25. Re7 {[%emt 0:00:00]} c5 {[%emt 0:00:00]} 26. Qd3 {[%emt 0:00:00]} cxd4
{[%emt 0:00:00]} 27. Rxd7 {[%emt 0:00:00]} Rxc2 {[%emt 0:00:00]} 28. Qxd4 {
[%emt 0:00:00]} Qg6 {[%emt 0:00:00]} 29. Rf2 {[%emt 0:00:00]} Rc6 {[%emt 0:00:
00]} 30. Rd6 {[%emt 0:00:00]} Rxd6 {[%emt 0:00:00]} 31. Qxd6 {[%emt 0:00:00]}
Qb1+ {[%emt 0:00:00]} 32. Kh2 {[%emt 0:00:00]} Re8 {[%emt 0:00:00]} 33. Qd7 {
[%emt 0:00:00]} Re1 {[%emt 0:00:00]} 34. Qc8+ {[%emt 0:00:00]} Kh7 {[%emt 0:00:
00]} 35. Qc2+ {[%emt 0:00:00]} Qxc2 {[%emt 0:00:00]} 36. Rxc2 {[%emt 0:00:00]}
Re6 {[%emt 0:00:00]} 37. Rd2 {[%emt 0:00:00]} g5 {[%emt 0:00:00]} 38. Bc7 {
[%emt 0:00:00]} Rc6 {[%emt 0:00:00]} 39. Rd7 {[%emt 0:00:00]} Kg6 {[%emt 0:00:
00]} 40. Rd6+ {[%emt 0:00:00]} Rxd6 {[%emt 0:00:00]} 41. Bxd6 {[%emt 0:00:00]}
b5 {[%emt 0:00:00]} 42. b4 {[%emt 0:00:00]} a4 {[%emt 0:00:00]} 43. g4 {
[%emt 0:00:00]} f5 {[%emt 0:00:00]} 44. Be5 {[%emt 0:00:00]} h5 {[%emt 0:00:00]
} 45. Kg3 {[%emt 0:00:00]} hxg4 {[%emt 0:00:00]} 46. hxg4 {[%emt 0:00:00]} fxg4
{[%emt 0:00:00]} 47. Kxg4 {[%emt 0:00:00]} Kf7 {[%emt 0:00:00]} 48. Kf5 {
[%emt 0:00:00]} Ke7 {[%emt 0:00:00]} 49. Ke4 {[%emt 0:00:00]} Ke6 {[%emt 0:00:
00]} 50. Kd4 {[%emt 0:00:00]} g4 {[%emt 0:00:00]} 51. Bb8 {[%emt 0:00:00]} 1-0

[Event "6e Open International d'Echecs Sables d'"]
[Site "Les Sables d'Olonne ; France"]
[Date "2019.07.18"]
[Round "8.8"]
[White "Wlodarczyk, Cyril"]
[Black "Boulos, Jean"]
[Result "0-1"]
[WhiteElo "2098"]
[BlackElo "1860"]
[PlyCount "118"]
[EventDate "2019.??.??"]
[WhiteTeam "Cergy Pontoise Echecs"]
[BlackTeam "Club Echecs La Roche sur Yon"]

1. e4 c5 2. Nf3 e6 3. b3 Nc6 4. Bb2 d6 5. d4 cxd4 6. Nxd4 Nf6 7. Nc3 Be7 8. Be2
O-O 9. Qd2 a6 10. O-O-O Nxd4 11. Qxd4 b5 12. e5 dxe5 13. Qxe5 Qb6 14. Bf3 Qb8
15. Ne4 Bb7 16. Qxb8 Raxb8 17. Nxf6+ Bxf6 18. Bxb7 Bxb2+ 19. Kxb2 Rxb7 20. Rd6
a5 21. Rhd1 g5 22. Rc6 Ra8 23. c4 bxc4 24. Rxc4 Kf8 25. Rd3 Kg7 26. a3 Rb5 27.
Rc7 Rab8 28. Rf3 Rf8 29. Kc3 Kg6 30. Kc4 Rbb8 31. Rc5 Ra8 32. Kb5 Rfd8 33. Rfc3
Rd4 34. Rc2 Rd3 35. R5c3 Rdd8 36. b4 Rdb8+ 37. Kc4 axb4 38. axb4 Kf6 39. Rb2 h5
40. b5 Ke5 41. Rd3 Rc8+ 42. Kb4 Rab8 43. Re3+ Kd6 44. Rd2+ Ke7 45. Ra3 Rb7 46.
Ra6 Rc1 47. Rb2 Kd7 48. Ra8 Ke7 49. Rg8 Kf6 50. Rd8 Ke7 51. Rd4 Rc8 52. Re4
Rxb5+ 53. Kxb5 Rb8+ 54. Kc4 Rxb2 55. Re3 Rxf2 56. Rg3 g4 57. h3 f5 58. hxg4
hxg4 59. Kd4 Kf6 0-1

[Event "6e Open International d'Echecs Sables d'"]
[Site "Les Sables d'Olonne ; France"]
[Date "2019.07.18"]
[Round "8.9"]
[White "Renault, Jerome"]
[Black "Maleki, Nicolas"]
[Result "0-1"]
[WhiteElo "2097"]
[BlackElo "2088"]
[PlyCount "106"]
[EventDate "2019.??.??"]
[WhiteTeam "Cercle d'échecs des Sables d'Olonne"]
[BlackTeam "Echiquier Tourangeau"]

1. d4 d5 2. Nf3 Nf6 3. c4 c6 4. cxd5 cxd5 5. Nc3 Nc6 6. h3 Bf5 7. Nh4 Bd7 8.
Bf4 Qb6 9. Qd2 Qxd4 10. Qxd4 Nxd4 11. O-O-O Ne6 12. Be5 Ne4 13. Nxe4 dxe4 14.
e3 Rc8+ 15. Kb1 f6 16. Rxd7 Kxd7 17. Bb5+ Rc6 18. Rd1+ Kc8 19. Bxc6 bxc6 20.
Bc3 g6 21. g4 Ng5 22. Rd4 e5 23. Rc4 Kb7 24. Be1 Be7 25. Kc2 Rd8 26. Ra4 Rd5
27. Ng2 Nxh3 28. Rxe4 Ng5 29. Rc4 Kb6 30. f4 Nf3 31. Bc3 Bd6 32. e4 Rc5 33.
Rxc5 Bxc5 34. f5 g5 35. b4 Bg1 36. Kd3 Kc7 37. Ke2 Nh2 38. Ne3 Bxe3 39. Kxe3
Nxg4+ 40. Kf3 h5 41. Be1 Nh6 42. Bf2 a6 43. a4 Nf7 44. Ke3 Nd6 45. Kd3 h4 46.
Ke3 Nc4+ 47. Kf3 Nb2 48. Kg4 Nxa4 49. Kf3 c5 50. bxc5 Kc6 51. Be1 Nxc5 52. Ba5
Kb5 53. Bd8 Nd7 0-1

[Event "6e Open International d'Echecs Sables d'"]
[Site "Les Sables d'Olonne ; France"]
[Date "2019.07.18"]
[Round "8.10"]
[White "Picart, Laurent"]
[Black "Vion, Jean-Francois"]
[Result "1-0"]
[WhiteElo "2061"]
[BlackElo "1960"]
[PlyCount "81"]
[EventDate "2019.??.??"]
[WhiteTeam "Echiquier Quimpérois"]
[BlackTeam "Cercle d'Echecs de Cholet"]

1. d4 Nf6 2. Bg5 e6 3. Nd2 h6 4. Bh4 d5 5. e3 Be7 6. Bd3 O-O 7. f4 c5 8. c3 b6
9. Qe2 a5 10. Ngf3 Ba6 11. Bxa6 Nxa6 12. Ne5 Nb8 13. O-O Qc7 14. Kh1 Nc6 15.
Rg1 Nxe5 16. fxe5 Ne8 17. Bxe7 Qxe7 18. Raf1 f5 19. g4 g5 20. gxf5 Rxf5 21.
Rxf5 exf5 22. Qh5 Qe6 23. Qf3 Rd8 24. Nf1 Ng7 25. Ng3 Kh7 26. Rf1 Rf8 27. e4
dxe4 28. Nxe4 cxd4 29. cxd4 Rd8 30. Nd6 Rd7 31. b3 Kg6 32. Rc1 g4 33. Qg2 Kg5
34. Rc6 Qe7 35. Qd2+ f4 36. Ne4+ Kf5 37. Qd3 g3 38. Nxg3+ Kg4 39. Rg6+ Kh4 40.
Rxh6+ Kg4 41. h3+ 1-0